Statistiken für Nationalhymne Liechtensteins

Klicken Sie hier um das Quiz zu spielen!

Allgemein

  • Dieses Quiz wurde 52 mal gespielt
  • Das Durchschnittsergebnis liegt bei 20 aus 47

Antwortstatistiken

Antwort% Korrekt
Liechtenstein
86%
Liechtenstein
86%
am
80%
am
80%
Rhein
75%
Rhein,
75%
das
70%
Oben
68%
an
64%
der
61%
jungen
61%
jungen
61%
für
59%
sich
57%
lehnet
52%
uns
52%
Vaterland,
50%
Vaterland,
50%
Land,
48%
Fürst
45%
Alpenhöh'n.
43%
unser
43%
leb'
39%
lebe
39%
und
39%
und
39%
liebe
36%
Dies
34%
Hoch
34%
Hoch
34%
hoch
34%
Heimatland,
32%
teure
30%
Hand
27%
vom
27%
weise
27%
Gottes
25%
hat
25%
treu.
25%
erseh'n.
23%
blühend
18%
frei.
18%
glücklich
18%
durch
14%
Band
9%
Bruderliebe
9%
vereint
9%

Verteilung der Resultate

Perzentil nach korrekt beantworteten Fragen

Anzahl Personen mit jedem Resultat

Ihre Resultats-Entwicklung

Sie haben dieses Quiz noch nicht gespielt